[Event "IECG CE.2002.0.00043 email"]
[Site "IECG email"]
[Date "2002.12.27"]
[Round "?"]
[White "Chin, Shuenn Chyn"]
[Black "Casser, Aaron"]
[Result "1-0"]
[WhiteElo "1350"]
[BlackElo "1349"]
[PlyCount "129"]
[EventDate "2002.12.27"]
[EventType "tourn (corr)"]
[EventRounds "6"]
[SourceTitle "Corr 2008"]
[Source "ChessBase"]
[SourceDate "2008.06.24"]
[SourceVersion "1"]
[SourceVersionDate "2008.06.24"]
[SourceQuality "1"]

1. e4 e6 2. d4 d5 3. Nc3 Nf6 4. Bg5 Bb4 5. Bd3 dxe4 6. Bxe4 h6 7. Bxf6 Qxf6 8. Nge2 0-0 9. 0-0 c6 10. Bd3 Nd7 11. Ne4 Qe7 12. c3 Ba5 13. Re1 Bc7 14. N2g3 b6 15. Qe2 Bb7 16. Ba6 Bxa6 17. Qxa6 Nf6 18. Nxf6+ Qxf6 19. Rad1 Rfd8 20. Qb7 Rdc8 21. Ne4 Qf5 22. Qa6 Qd5 23. c4 Qd7 24. Qa3 Rd8 25. Qf3 a5 26. Nc3 Rac8 27. d5 exd5 28. cxd5 c5 29. Qd3 Qd6 30. g3 Qd7 31. Qa6 Ra8 32. Qb5 Rab8 33. f4 Bd6 34. a4 Qg4 35. Kg2 Qg6 36. Re4 h5 37. Qd3 h4 38. f5 h3+ 39. Kh1 Qf6 40. Rh4 Re8 41. Qf3 Rbd8 42. Rxh3 Re5 43. Qh5 Kf8 44. g4 Ke7 45. Rf1 g5 46. Qh7 Kd7 47. Rh6 Qe7 48. f6 Qe8 49. Qd3 Re1 50. Kg2 Rxf1 51. Qxf1 Qe3 52. Rh7 Qd2+ 53. Qf2 Qxf2+ 54. Kxf2 Ke8 55. Rh5 Be5 56. Rxg5 Bxf6 57. Rg8+ Kd7 58. Rxd8+ Bxd8 59. Ne4 Bc7 60. h4 Be5 61. b3 Bd4+ 62. Ke2 Bg7 63. g5 Bd4 64. Nf6+ Ke7 65. h5 1-0

[Event "IECG CE.2002.0.00043 email"]
[Site "IECG email"]
[Date "2002.12.27"]
[Round "?"]
[White "Chin, Shuenn Chyn"]
[Black "Howes, Tony"]
[Result "1/2-1/2"]
[WhiteElo "1350"]
[BlackElo "1375"]
[PlyCount "52"]
[EventDate "2002.12.27"]
[EventType "tourn (corr)"]
[EventRounds "6"]
[SourceTitle "Corr 2008"]
[Source "ChessBase"]
[SourceDate "2008.06.24"]
[SourceVersion "1"]
[SourceVersionDate "2008.06.24"]
[SourceQuality "1"]

1. e4 d5 2. exd5 Qxd5 3. Nc3 Qa5 4. d4 Nf6 5. Nf3 c6 6. Bc4 Bf5 7. Bd2 e6 8. Qe2 Bb4 9. 0-0 Nbd7 10. a3 Bxc3 11. Bxc3 Qc7 12. Bb3 0-0 13. Rad1 Nd5 14. Bd2 a5 15. c4 N5f6 16. Nh4 Ng4 17. g3 Rad8 18. Nxf5 exf5 19. Qf3 g6 20. Qc3 b6 21. Bg5 Rc8 22. f3 Ngf6 23. d5 Qd6 24. Ba4 cxd5 25. Bxd7 Nxd7 26. Bf6 Qxf6 1/2-1/2